एक साहित्य सांस्थानिक व्यक्तित्व (Record no. 66746)
[ view plain ]
| 000 -LEADER | |
|---|---|
| fixed length control field | 00392nam a22001097a 4500 |
| 082 ## - DEWEY DECIMAL CLASSIFICATION NUMBER | |
| Classification number | 800 |
| 100 ## - MAIN ENTRY--AUTHOR NAME | |
| Personal name | नागर,अमृतलाल |
| 245 ## - TITLE STATEMENT | |
| Title | एक साहित्य सांस्थानिक व्यक्तित्व |
| 260 ## - PUBLICATION, DISTRIBUTION, ETC. (IMPRINT) | |
| Place of publication | जयपुुर |
| Name of publisher | साहित्यागार |
| Year of publication | 2023 |
| 650 ## - SUBJECT ADDED ENTRY--TOPICAL TERM | |
| Topical Term | साहित्य |
| 942 ## - ADDED ENTRY ELEMENTS (KOHA) | |
| Koha item type | Hindi Books |
| Withdrawn status | Lost status | Damaged status | Not for loan | Home library | Current library | Date acquired | Cost, normal purchase price | Full call number | Accession Number | Price effective from | Koha item type |
|---|---|---|---|---|---|---|---|---|---|---|---|
| MACL | MACL | 30/01/2024 | 400.00 | 800 | DPI001706 | 30/01/2024 | Hindi Books |









